Arte povera
Uloženo v:
| Hlavní autor: | |
|---|---|
| Médium: | Kniha |
| Jazyk: | španělština |
| Vydáno: |
Madrid
Nerea
2003
|
| Vydání: | 2a. ed |
| Edice: | Arte Hoy, 3
|
| Témata: | |
| Tagy: |
Přidat tag
Žádné tagy, Buďte první, kdo vytvoří štítek k tomuto záznamu!
|
MARC
| LEADER | 00000nam a2200000 a 4500 | ||
|---|---|---|---|
| 001 | UCK9878 | ||
| 003 | CL-VaPUC | ||
| 008 | 060609e20030000SP |||||||||||||||||spa|d | ||
| 020 | |a 8489569312 | ||
| 082 | 0 | 4 | |a 700.1 |b FER |2 21 |
| 100 | 0 | |a Fernández Polanco, Aurora |e author |9 499754 | |
| 245 | 1 | 0 | |a Arte povera |
| 250 | |a 2a. ed | ||
| 300 | |a 118 p | ||
| 942 | |c BK | ||
| 945 | |d 20060609 00:00:00 |a jtorresc | ||
| 260 | |a Madrid |b Nerea |c 2003 | ||
| 650 | 0 | |a Arte conceptual |9 341272 | |
| 650 | 0 | |a Teoría del arte |9 387638 | |
| 650 | 0 | |a Filosofía del arte |9 264951 | |
| 583 | |a last modification |c 20060609 00:00:00 |k Rodrigo Vera | ||
| 490 | 0 | |a Arte Hoy, 3 | |
| 999 | |c 316879 |d 316877 | ||
| 952 | |0 0 |1 0 |4 0 |6 700_100000000000000_FER_2003 |7 0 |8 R |9 392423 |a BIBART |b BIBART |d 2019-11-22 |i 4236319 |l 7 |m 3 |o 700.1 FER 2003 |p 4236319 |r 2025-03-13 |s 2024-11-08 |w 2019-11-22 |y BK_R |k ART | ||